| 000 | 00726nam a22002177a 4500 | ||
|---|---|---|---|
| 005 | 20141212151236.0 | ||
| 008 | 141212b xxu||||| |||| 00| 0 eng d | ||
| 020 |
_a9788183874670 _c995.00 |
||
| 040 | _aLoreto College | ||
| 082 |
_a338.954 _bSIN |
||
| 100 | _aSingh,Awadhesh | ||
| 245 |
_aTowards inclusive development _bPerspectives,approaches and strategies for India _cAwadhesh Kumar Singh,Atul Pratap Singh and G.R.Krishna |
||
| 260 |
_aNew Delhi _bSerials Publications _c2011 |
||
| 300 |
_axiii,288p _b22cm |
||
| 504 | _aIncludes bibliographical references and index | ||
| 650 | _aInclusive development-India | ||
| 700 |
_4Auth _aSingh,Atul Pratap |
||
| 700 |
_4Auth _aKrishna,G.R. |
||
| 850 | _aLCLIB | ||
| 942 | _cBK | ||
| 999 |
_c39714 _d90193 |
||